| 000 | 00685nam a2200193Ia 4500 | ||
|---|---|---|---|
| 005 | 20230223114203.0 | ||
| 008 | 131103s9999 xx 000 0 und d | ||
| 040 | _aLoreto College | ||
| 041 | _aEnglish | ||
| 082 |
_a821.08 _bPAL |
||
| 245 | 4 |
_aThe Golden treasury of the best songs and lyrical poems in the English language _cselected and arranged by Francis Turner Palgrave; with an introduction and additional poems selected and arranged by C. DayLewis |
|
| 260 |
_aLondon _bCollins _c1959 |
||
| 300 | _a576p. | ||
| 504 | _aIncludes notes, index and glossary | ||
| 650 | _aEnglish Poetry - Collections | ||
| 700 | _aPalgrave, Francis Turner | ||
| 850 | _aLCLIB | ||
| 942 | _cBK | ||
| 999 |
_c13024 _d63503 |
||